=LDR 00000nam 2200000 4500 =001 INLIS000000000019949 =005 20220208092124 =035 ##$$a 0010-061300000019949 =008 220208################g##########0#ind## =041 ##$$a Ind =082 ##$$a 544 =090 ##$$a 544, Bun a =100 ##$$a Bungin, Burhan =245 1#$$a Analisis data penelitian kualitatif : $b pemahaman filosofis dan metodologis ke arah penguasaan model aplikasi /$c Burhan Bungin =260 ##$$a Jakarta :$b PT Raja Grafindo Persada,$c 2006 =300 ##$$a xiv, 262 hlm, : $b Ilus, ; $c 21 cm =650 #4$$a Analisis kualitatif =850 ##$$a NBPNMAT =020 ##$$a 9794219312 =084 ##$$a 544 BUN a =990 ##$$a 0001/BPAP-NTB/2016 =990 ##$$a 0001/BPAP-NTB/2016 =990 ##$$a 20611283